000 00367nam a2200145Ia 4500
005 20250508161816.0
008 008 250505s9999 xx 000 0 eng d
037 _aPeriodicals
040 _aFEDL
_beng
_cFEDL
041 _aeng
_2eng
084 _qFEDL
245 0 _aCalifornia journal of secondary education. Vol 32
942 _cCR
999 _c1372349
_d1372349